[Event "Gelsenkirchen Koenigsspringer op"]
[Site "Gelsenkirchen"]
[Date "2019.12.29"]
[Round "6"]
[White "Deno, Thomas"]
[Black "Signorile, Paolo"]
[Result "1-0"]
[WhiteElo "1354"]
[BlackElo "1481"]
[PlyCount "71"]
[EventDate "2019.12.27"]
[EventType "swiss"]
[EventRounds "7"]
[EventCountry "GER"]
[SourceTitle "CBM 194 Extra"]
[Source "ChessBase"]
[SourceDate "2020.03.31"]
[SourceVersion "1"]
[SourceVersionDate "2020.03.31"]
[SourceQuality "1"]

1. e4 c5 2. Nf3 g6 3. Nc3 Bg7 4. d4 cxd4 5. Nxd4 Nc6 6. Be3 Nf6 7. Bc4 0-0 8. 0-0 Nxe4 9. Nxe4 d5 10. Nxc6 bxc6 11. Bxd5 cxd5 12. Ng3 Bxb2 13. Rb1 Bg7 14. Re1 Qd6 15. Qd2 Re8 16. Bh6 Bh8 17. h4 Ba6 18. h5 Rac8 19. Bf4 e5 20. Bh6 Qe6 21. f4 Qg4 22. Qf2 Bc4 23. fxe5 Bxe5 24. Rxe5 Rxe5 25. Qf6 Qd4+ 26. Kh2 Rxh5+ 27. Nxh5 Qxf6 28. Nxf6+ Kh8 29. Rb7 d4 30. Rxa7 Be6 31. a4 Rxc2 32. a5 d3 33. Ne4 Bd5 34. Re7 f5 35. Re8+ Bg8 36. Nf6 1-0

[Event "Gelsenkirchen Koenigsspringer op"]
[Site "Gelsenkirchen"]
[Date "2019.12.29"]
[Round "5"]
[White "Signorile, Paolo"]
[Black "Koch, Burkhard"]
[Result "0-1"]
[WhiteElo "1481"]
[BlackElo "1852"]
[PlyCount "58"]
[EventDate "2019.12.27"]
[EventType "swiss"]
[EventRounds "7"]
[EventCountry "GER"]
[SourceTitle "CBM 194 Extra"]
[Source "ChessBase"]
[SourceDate "2020.03.31"]
[SourceVersion "1"]
[SourceVersionDate "2020.03.31"]
[SourceQuality "1"]

1. d4 Nf6 2. c4 e6 3. Nf3 d5 4. Nc3 c6 5. cxd5 exd5 6. Bg5 Be7 7. Qc2 0-0 8. e3 Ne4 9. Bxe7 Qxe7 10. h3 f5 11. Bd3 Nd7 12. Bxe4 fxe4 13. Nh2 Nf6 14. 0-0-0 b6 15. Kb1 Ba6 16. Ka1 Bd3 17. Qd2 c5 18. Ne2 c4 19. Nf4 Qd6 20. f3 a5 21. Nxd3 exd3 22. Ng4 b5 23. Nxf6+ Rxf6 24. Rhe1 Re6 25. Qf2 Rae8 26. e4 dxe4 27. fxe4 Rf8 28. Qe3 Rf4 29. Rf1 Rexe4 0-1

[Event "Gelsenkirchen Koenigsspringer op"]
[Site "Gelsenkirchen"]
[Date "2019.12.28"]
[Round "4"]
[White "Deinert, Wolfgang"]
[Black "Signorile, Paolo"]
[Result "1/2-1/2"]
[WhiteElo "1747"]
[BlackElo "1481"]
[PlyCount "105"]
[EventDate "2019.12.27"]
[EventType "swiss"]
[EventRounds "7"]
[EventCountry "GER"]
[SourceTitle "CBM 194 Extra"]
[Source "ChessBase"]
[SourceDate "2020.03.31"]
[SourceVersion "1"]
[SourceVersionDate "2020.03.31"]
[SourceQuality "1"]

1. e4 c5 2. Nf3 g6 3. d4 cxd4 4. Nxd4 Bg7 5. c4 Nc6 6. Be3 d6 7. Nc3 Nf6 8. Be2 0-0 9. 0-0 Bd7 10. Rc1 Nxd4 11. Bxd4 Bc6 12. f3 e6 13. Qd2 Qa5 14. b3 Rfd8 15. Rfd1 h6 16. Bxf6 Bxf6 17. Nd5 Qc5+ 18. Ne3 Kh7 19. Kh1 Bg5 20. Rc3 Rd7 21. Rd3 Rad8 22. Qc3 h5 23. b4 Qb6 24. b5 Bxb5 25. cxb5 Rc7 26. Qb3 Be7 27. Rc3 Bf6 28. Rxc7 Qxc7 29. Qc4 Qb6 30. a4 Qxe3 31. Qd3 Qg5 32. g3 Qc5 33. Kg2 d5 34. exd5 Rxd5 35. Qb3 Rxd1 36. Qxd1 Bd4 37. a5 e5 38. a6 b6 39. Qb3 Kg7 40. Qc4 Qxc4 41. Bxc4 f5 42. h3 g5 43. g4 fxg4 44. fxg4 hxg4 45. hxg4 e4 46. Bd5 e3 47. Kf3 Kf6 48. Bc4 Ke5 49. Bd3 Bc5 50. Be2 Kd4 51. Bf1 Kc3 52. Be2 Kd2 53. Bf1 1/2-1/2

[Event "Gelsenkirchen Silvester op 6th"]
[Site "Gelsenkirchen"]
[Date "2018.12.29"]
[Round "5"]
[White "Schocke, Mark"]
[Black "Signorile, Paolo"]
[Result "1-0"]
[WhiteElo "1864"]
[BlackElo "1416"]
[PlyCount "31"]
[EventDate "2018.12.27"]
[EventType "swiss"]
[EventRounds "7"]
[EventCountry "GER"]
[SourceTitle "CBM 188 Extra"]
[Source "ChessBase"]
[SourceDate "2019.02.26"]
[SourceVersion "1"]
[SourceVersionDate "2019.02.26"]
[SourceQuality "1"]

1. e4 c5 2. Nc3 e6 3. Nge2 Nc6 4. g3 d5 5. exd5 exd5 6. d4 c4 7. Bg2 Nf6 8. 0-0 Be7 9. Bg5 Be6 10. Nf4 h6 11. Bxf6 Bxf6 12. Nxe6 fxe6 13. Qh5+ Kd7 14. Bh3 Nxd4 15. Qxd5+ Kc7 16. Qxc4+ 1-0

[Event "Gelsenkirchen Silvester op 6th"]
[Site "Gelsenkirchen"]
[Date "2018.12.29"]
[Round "6"]
[White "Signorile, Paolo"]
[Black "Iwanecki, Melanie"]
[Result "0-1"]
[WhiteElo "1416"]
[BlackElo "1652"]
[PlyCount "22"]
[EventDate "2018.12.27"]
[EventType "swiss"]
[EventRounds "7"]
[EventCountry "GER"]
[SourceTitle "CBM 188 Extra"]
[Source "ChessBase"]
[SourceDate "2019.02.26"]
[SourceVersion "1"]
[SourceVersionDate "2019.02.26"]
[SourceQuality "1"]

1. Nf3 c5 2. b3 d5 3. e3 Nc6 4. Bb5 Bf5 5. Bxc6+ bxc6 6. Bb2 Nf6 7. d3 e6 8. Nbd2 Bd6 9. h3 0-0 10. 0-0 Nd7 11. Nh4 Qxh4 0-1

[Event "Gelsenkirchen Silvester op 6th"]
[Site "Gelsenkirchen"]
[Date "2018.12.28"]
[Round "3"]
[White "Zamhoefer, Luca"]
[Black "Signorile, Paolo"]
[Result "1/2-1/2"]
[WhiteElo "1643"]
[BlackElo "1416"]
[PlyCount "116"]
[EventDate "2018.12.27"]
[EventType "swiss"]
[EventRounds "7"]
[EventCountry "GER"]
[SourceTitle "CBM 188 Extra"]
[Source "ChessBase"]
[SourceDate "2019.02.26"]
[SourceVersion "1"]
[SourceVersionDate "2019.02.26"]
[SourceQuality "1"]

1. e4 c5 2. c3 Nf6 3. e5 Nd5 4. d4 cxd4 5. Nf3 Nc6 6. cxd4 d6 7. Bc4 Nb6 8. Bb5 a6 9. Bxc6+ bxc6 10. 0-0 Bg4 11. h3 Bd7 12. exd6 exd6 13. Nc3 Be7 14. d5 cxd5 15. Nxd5 Nxd5 16. Qxd5 Be6 17. Qd3 0-0 18. Bd2 Bd7 19. Rfe1 Bb5 20. Qe3 Re8 21. Bc3 Bf6 22. Qd2 Rxe1+ 23. Rxe1 Bxc3 24. Qxc3 Rc8 25. Qd2 Qf6 26. Rd1 Rd8 27. Nd4 Bc4 28. Nc6 Rd7 29. b3 Be6 30. Nb8 Rd8 31. Nxa6 h6 32. Nb4 Qg6 33. Kh1 Bc8 34. Nd5 Re8 35. Re1 Be6 36. Nf4 Qf5 37. Qxd6 g5 38. Nxe6 Qxf2 39. Qd1 Rxe6 40. Rxe6 fxe6 41. Qb1 Kg7 42. b4 e5 43. b5 Qb6 44. a4 h5 45. a5 Qxa5 46. b6 Qa8 47. b7 Qb8 48. Qf5 Qxb7 49. Qxg5+ Kf7 50. Qxe5 Qb1+ 51. Kh2 Qg6 52. Qc7+ Kf8 53. Qd8+ Kg7 54. Qe7+ Kh6 55. Qe5 Kh7 56. Qf4 Kh8 57. Qc7 Qf5 58. Qc3+ Kh7 1/2-1/2

[Event "Gelsenkirchen Silvester op 6th"]
[Site "Gelsenkirchen"]
[Date "2018.12.27"]
[Round "2"]
[White "Signorile, Paolo"]
[Black "Turp, Hueseyin"]
[Result "1/2-1/2"]
[WhiteElo "1416"]
[BlackElo "1652"]
[PlyCount "65"]
[EventDate "2018.12.27"]
[EventType "swiss"]
[EventRounds "7"]
[EventCountry "GER"]
[SourceTitle "CBM 188 Extra"]
[Source "ChessBase"]
[SourceDate "2019.02.26"]
[SourceVersion "1"]
[SourceVersionDate "2019.02.26"]
[SourceQuality "1"]

1. Nf3 d5 2. b3 Bf5 3. e3 e6 4. Bb2 c5 5. d4 Nd7 6. Nbd2 Ngf6 7. Be2 Bd6 8. 0-0 0-0 9. Nh4 Bg6 10. Nxg6 hxg6 11. c4 Rc8 12. cxd5 exd5 13. dxc5 Nxc5 14. Nf3 Nce4 15. Rc1 Qe7 16. Nd4 a6 17. Bd3 Qe5 18. g3 Ng5 19. Qe2 Qe7 20. Rxc8 Rxc8 21. Rc1 Rxc1+ 22. Bxc1 Nge4 23. Qc2 Qe8 24. f3 Ng5 25. Kg2 Qd7 26. g4 Nxg4 27. fxg4 Qxg4+ 28. Kf1 Bxh2 29. Qxh2 Qd1+ 30. Kf2 Qxd3 31. Qb8+ Kh7 32. Qh2+ Kg8 33. Qb8+ 1/2-1/2

[Event "Gelsenkirchen Silvester op 5th"]
[Site "Gelsenkirchen"]
[Date "2017.12.27"]
[Round "1"]
[White "Signorile, Paolo"]
[Black "Schaefer, Michael2222"]
[Result "0-1"]
[WhiteElo "1358"]
[BlackElo "1673"]
[PlyCount "98"]
[EventDate "2017.12.27"]
[EventType "swiss"]
[EventRounds "5"]
[EventCountry "GER"]
[SourceTitle "CBM 182 Extra"]
[Source "ChessBase"]
[SourceDate "2018.02.23"]
[SourceVersion "1"]
[SourceVersionDate "2018.02.23"]
[SourceQuality "1"]

1. Nf3 d5 2. b3 Nf6 3. Bb2 c6 4. e3 Nbd7 5. d4 g6 6. Bd3 Bg7 7. Nbd2 0-0 8. 0-0 Re8 9. Ne5 Nxe5 10. dxe5 Ng4 11. Nf3 Qc7 12. h3 Bxe5 13. Bxe5 Nxe5 14. Nxe5 Qxe5 15. c4 dxc4 16. Bxc4 Be6 17. Bxe6 Qxe6 18. Qc2 Red8 19. Rfd1 Rd6 20. Qc5 b6 21. Rxd6 Qxd6 22. Qxd6 exd6 23. Rd1 Rd8 24. Kf1 Kf8 25. Ke2 Ke7 26. Rc1 Kd7 27. Kd3 Re8 28. g4 Re5 29. e4 d5 30. exd5 Rxd5+ 31. Ke3 Kd6 32. f4 f6 33. Rc2 Rc5 34. Rxc5 Kxc5 35. a3 a5 36. Kd3 b5 37. Kc3 Kd5 38. Kd3 c5 39. h4 c4+ 40. bxc4+ bxc4+ 41. Kc3 Kc5 42. a4 Kd5 43. Kc2 Kd4 44. Kd2 c3+ 45. Kc2 Kc4 46. h5 gxh5 47. gxh5 f5 48. Kc1 Kb3 49. Kb1 h6 0-1